000 00579nam a2200217Ia 4500
003 OSt
005 20230330154430.0
008 210423s2006 xx 000 0 und d
020 _a9788177581744
040 _cAL
041 _aeng
082 _a337 SHAV
100 _aSHARAN (Vyuptakesh).
_980402
245 _aInternational business: concepts environment and strategy.
250 _a2
260 _aNew Delhi
_bZodiac
_c2006
300 _axiv,554
_bPB
365 _b335
_cINR
906 _abusiness ; concepts,environment ; International ; strategy.
942 _2ddc
_cBK
999 _c157622
_d157622